000 00420cam a2200169ua 4500
003 OSt
008 250310b |||||||| |||| 00| 0 eng d
041 _aeng
082 _a621.815
_bJAD/MA
100 _aJadam, V.K .
_97294
245 _aMachine design data book /
250 _a2 /
260 _aNew Delhi :
_bI.K. International ,
_c2007.
300 _a355 ;
_e`.
700 1 _aVerma, suresh .
_97295
942 _cBK
999 _c13070
_d13070